000 00563 a2200193 4500
003 OSt
005 20180116182734.0
008 170808b xxu||||| |||| 00| 0 eng d
020 _a8176496758
040 _c0
082 _a302.35 RAL 2004
100 _aLenny T. Ralphs, Ph.D.
245 _aOrganization Development
_bA Practicioners Tool Kit
_cLenny T. Ralphs, Ph.D.
260 _aNew Delhi
_bViva Books Private Limited
_c2004
300 _a114 p.
_bpb
440 _aOrganization Development
500 _aPapercover
942 _aNBS
_cBK
_k302.35 RAL 2004
_2ddc
999 _c345160
_d345160